2017 Movies Blurred - Statistics

General Stats
  • This quiz has been taken 6 times
  • The average score is 24 of 50
Answer Stats
Picture Answer % Correct
Beauty And The Beast
100%
Cars 3
100%
Coco
100%
Guardians Of The Galaxy Vol. 2
100%
Wonder Woman
100%
Baywatch
80%
Blade Runner 2049
80%
Jumanji: Welcome To The Jungle
80%
Kong: Skull Island
80%
Spider-Man: Homecoming
80%
Thor: Ragnarok
80%
Fast & Furious 8
60%
I, Tonya
60%
Justice League
60%
Logan
60%
Murder On The Orient Express
60%
Power Rangers
60%
The Greatest Showman
60%
Wind River
60%
Alien: Covenant
40%
American Made
40%
Atomic Blonde
40%
Baby Driver
40%
Dunkirk
40%
Ferdinand
40%
Ghost In The Shell
40%
Girls Trip
40%
Happy Death Day
40%
Jungle
40%
Kingsman: The Golden Circle
40%
Life
40%
Logan Lucky
40%
Molly's Game
40%
The Dark Tower
40%
Transformers: The Last Knight
40%
Valerian And The City Of A Thousand Planets
40%
6 Days
20%
American Assassin
20%
Brawl In Cell Block 99
20%
Bright
20%
Going In Style
20%
IT
20%
Kidnap
20%
Only The Brave
20%
Pirates Of The Caribbean: Dead Men Tell No Tales
20%
Rough Night
20%
Snatched
20%
The Foreigner
20%
Unforgettable
20%
xXx: Return Of Xander Cage
20%
No matching quizzes found
Score Distribution
Percent of People with Each Score
Percentile by Number Answered
Your Score History
You have not taken this quiz